Guía y carpeta para actividades de biología ii /

Guardado en:
Autor Principal: Fernández Martinez, Jose
Otros Autores: Miguez De Fernandez, Martinez
Formato: Libro
Publicado: Buenos Aires : Huemul, 0
Materias:
Etiquetas: Agregar Etiqueta
Sin Etiquetas, Sea el primero en etiquetar este registro!
LEADER 00569nam a22001935a 4500
001 CEM.cems002413
005 20060220000000.0
008 130507b######################000#0#####d
003 CEMS
082 0 4 |a 570 
100 1 |a Fernández Martinez, Jose 
245 1 0 |a Guía y carpeta para actividades de biología ii / 
260 |a Buenos Aires :  |b Huemul, 0 
300 |a 144 p. 
653 |a Anatomia-actividades 
653 |a Biologia 
653 |a Biologia-actividades 
700 1 |a Miguez De Fernandez, Martinez 
859 |a CEMS  |b BIB. CEMS - 11 de abril  |h 570  |i F391/II  |p 7222.79  |t Ej.1